Holy bible: (Record no. 31526)
[ view plain ]
| 000 -LEADER | |
|---|---|
| fixed length control field | 00530nam a22001577a 4500 |
| 008 - FIXED-LENGTH DATA ELEMENTS--GENERAL INFORMATION | |
| fixed length control field | 230220b |||||||| |||| 00| 0 eng d |
| 050 ## - LIBRARY OF CONGRESS CALL NUMBER | |
| Classification number | BS 535 .H65 2016 |
| 245 ## - TITLE STATEMENT | |
| Title | Holy bible: |
| Remainder of title | containing the old and new testaments |
| 260 ## - PUBLICATION, DISTRIBUTION, ETC. (IMPRINT) | |
| Place of publication, distribution, etc. | Nashville, TN: |
| Name of publisher, distributor, etc. | The Gideons International, |
| Date of publication, distribution, etc. | 2016. |
| 300 ## - PHYSICAL DESCRIPTION | |
| Extent | 1192p. : |
| Dimensions | 20 cm. |
| 650 ## - SUBJECT ADDED ENTRY--TOPICAL TERM | |
| Topical term or geographic name as entry element | Bible |
| Form subdivision | New Testament |
| 650 ## - SUBJECT ADDED ENTRY--TOPICAL TERM | |
| Topical term or geographic name as entry element | Bible |
| Form subdivision | Old Testament |
| 650 ## - SUBJECT ADDED ENTRY--TOPICAL TERM | |
| Topical term or geographic name as entry element | Confraternity of Christian Doctrine |
| 650 ## - SUBJECT ADDED ENTRY--TOPICAL TERM | |
| Topical term or geographic name as entry element | Bible |
| 942 ## - ADDED ENTRY ELEMENTS (KOHA) | |
| Source of classification or shelving scheme | |
| Koha item type | Reference Material |
| Classification part | REF BS 535 .H65 2016 |
| Withdrawn status | Lost status | Source of classification or shelving scheme | Damaged status | Not for loan | Home library | Current library | Shelving location | Date acquired | Source of acquisition | Full call number | Barcode | Date last seen | Price effective from | Koha item type |
|---|---|---|---|---|---|---|---|---|---|---|---|---|---|---|
| MACHAKOS UNIVERSITY LIBRARY | MACHAKOS UNIVERSITY LIBRARY | Reference | 20/02/2023 | Donation | REF BS 535 .H65 2016 | 39308 | 22/02/2023 | 20/02/2023 | Reference Material | |||||
| MACHAKOS UNIVERSITY LIBRARY | MACHAKOS UNIVERSITY LIBRARY | Reference | 20/02/2023 | Donation | REF BS 535 .H65 2016 | 39309 | 20/02/2023 | 20/02/2023 | Reference Material |